000 00545nam a2200181 i 4500
001 62536
003 ES-MaACL
005 20231227182304.0
007 t|
008 031121s1940 sp ||||1| spa d
100 1 _aFernández Flórez, Wenceslao,
_d1885-1964
_949790
245 1 4 _aUna isla en el Mar Rojo
_b: novela /
_cW. Fernández Flórez.
250 _a10ª ed.
260 _aMadrid :
_b[s.n.],
_c1940 (
_fDiana Artes Gráficas)
300 _a351 p. ;
_c20 cm.
852 _aES-MaACL
_jA-5216
_bR.18222
999 _c62536
_d62536